00754nam a2200241Ia 450000500170000000800410001702000280005804000190008604100120010508200150011710000190013224500680015126000330021930000120025250400320026465000180029665100230031470000290033785000100036694200070037699900160038395201130039920230605145942.0131103s9999 xx 000 0 und d a0-14-018398-1c3.00 pds aLoreto College aEnglish a808.3bFOR aForster, E. M. aAspects of the novelcE.M. Forster;edited by Oliver Stallybrass aLondon bPenguin Booksc1990 a204 p.  aIncludes appendex and index aLiterature -  aRhetoric -Novel -  aStallybrass, Oliver, ed. aLCLIB cBK c1022d51501 00102ddc4070aMAINbMAINd2013-11-04l5o808.3 FOR 38829pB1655r2023-05-31s2023-05-24w2013-11-04yBKf